|
|
|
|
| LEADER |
00000nam a2200000 a 4500 |
| 001 |
vtls001218222 |
| 003 |
SK-MaSNL |
| 005 |
20260301154420.0 |
| 008 |
251113s1996 PL a pol |
| 020 |
|
|
|a 8370231209
|
| 020 |
|
|
|a 8370232760
|c b.c.
|
| 035 |
|
|
|a SNK000161680
|
| 035 |
|
|
|a urn:nbn:sk:snk-amlp6o
|
| 035 |
|
|
|a urn:nbn:sk:snk-am00c2m4
|
| 035 |
|
|
|a BA21572F-FBC1-43DE-8EB0-6A0AACDD3833
|
| 040 |
|
|
|a SNK
|b slo
|c SNK
|e AACR2
|
| 041 |
0 |
|
|a pol
|
| 044 |
|
|
|a PL
|
| 080 |
|
|
|a 592/599:591.5(084.12)
|2 1981
|
| 100 |
1 |
|
|a Cuisin, Michel
|4 aut
|9 283477
|
| 245 |
1 |
0 |
|a Zwierzęta rekordziści
|c tekst Michel Cuisin ; ilustracje Mirella Monesi ; przekład Maria Czarnecka-Szostek
|
| 260 |
|
|
|a Wrocław
|b Wydawnictwo Dolnośląskie
|c c1996
|e Martin
|f Neografia
|
| 300 |
|
|
|a 50 s.
|c 29 cm
|
| 490 |
1 |
|
|a Tajemnice zwierząt
|
| 650 |
0 |
7 |
|a zvieratá
|x vlastnosti
|x knihy detské ilustrované
|2 SNK
|9 517285
|
| 700 |
1 |
|
|a Monesi, Mirella
|4 ill
|9 517286
|
| 830 |
|
0 |
|a Tajemnice zwierząt
|9 282800
|
| 919 |
|
|
|a 83-7023-120-9
|
| 919 |
|
|
|a 83-7023-276-0
|
| 999 |
|
|
|c 796839
|d 798769
|
| 952 |
|
|
|t P60, <03>, [BOOK], {603}
|a SNK
|b SNK
|y PREZ
|7 0
|p 17A0006568
|o snkSB 55608
|i snkKSP 5403/96
|0 0
|1 0
|4 0
|d 1996-07-09
|f 1
|l 0
|r 2025-03-28 00:00:00
|w 2026-02-24
|